| 000 | 00618nam a2200205 a 4500 | ||
|---|---|---|---|
| 005 | 20240706063901.0 | ||
| 008 | 091014s2004 mx r 000 0 spa d | ||
| 020 | _a9681673344 | ||
| 035 | _aUPN01000173163 | ||
| 049 | _aCG | ||
| 050 | 4 |
_aPQ4873 A8 _bV6.2 |
|
| 100 | 1 |
_aMasini, Beatrice, _d1962- _935606 |
|
| 245 | 1 | 0 |
_aVoces griegas / _cBeatrice Masini ; tr. Bruno Aceves Humana. |
| 260 |
_aMéxico : _bFCE, _c2004. |
||
| 300 | _a118 p. | ||
| 440 | 0 |
_aA través del espejo. _pBiblioteca juvenil |
|
| 650 | 4 |
_aLiteratura italiana _95068 |
|
| 650 | 4 |
_aMITOLOGIA GRIEGA - _vLITERATURA JUVENIL _911917 |
|
| 905 | _aLibro | ||
| 999 |
_c145267 _d145267 |
||